Most Fragile Countries - Statistics

General Stats
  • This quiz has been taken 1,481 times
    68 since last reset
  • The average score is 23 of 29
Answer Stats
Score Continent Country % Correct
106.7 Africa Democratic Republic of the Congo
97%
111.3 Africa Somalia
93%
109.3 Africa Sudan
93%
95.2 Africa Niger
92%
109.0 Africa South Sudan
92%
108.1 Asia Syria
90%
103.9 Asia Afghanistan
88%
103.9 Africa Central African Republic
88%
90.2 Africa Republic of the Congo
88%
97.3 Africa Mali
86%
89.0 South America Venezuela
86%
102.7 Africa Chad
85%
92.1 Africa Eritrea
83%
103.5 North America Haiti
83%
96.6 Africa Nigeria
83%
92.5 Africa Mozambique
81%
106.6 Asia Yemen
81%
96.5 Africa Libya
80%
92.6 Africa Burundi
76%
98.1 Africa Ethiopia
75%
100.0 Asia Myanmar
75%
93.1 Europe Ukraine
75%
95.7 Africa Zimbabwe
71%
96.4 Africa Guinea
69%
94.2 Africa Burkina Faso
68%
91.1 Africa Uganda
68%
92.7 Asia Lebanon
66%
94.3 Africa Cameroon
61%
91.7 Asia Pakistan
61%
No matching quizzes found
Score Distribution
Percent of People with Each Score
Percentile by Number Answered
Your Score History
You have not taken this quiz since the last reset